000
00389nam a22001697a 4500
003
MPLRDC
005
20220104113743.0
008
210129b ||||| |||| 00| 0 eng d
082
_a
857.7 YQ v.89 c.2
100
_a
严沁
245
_a
纤纤梦
_c
250
_a
初版
260
_a
_b
环球出版社
_c
1975
300
_b
平
650
_a
长篇小说
942
_c
BK
_o
857.7 YQ v.89 c.2
999
_c
2095
_d
2085